000 00672nam a2200289Ia 4500
005 20260324140647.0
008 008 260324s9999 xx 000 0 eng d
020 _a9780203021804
037 _aEBOOK
040 _aCRL
040 _beng
040 _cCRL
041 _2eng
041 _aeng
084 _qCRL
100 _aJan Selmer
_91205246
245 0 _aInternational Management in China
245 0 _bCross-Cultural Issues
260 _bTaylor and Francis
260 _c1998
365 _a
365 _b70.99
856 _uhttp://www.taylorfrancis.com/books/9780203021804
942 _cEBOOK
999 _c1807551
_d1807551